LABORATORY MANUAL OF PHYSICAL PHARMACEUTICS (Record no. 7939)

MARC details
000 -LEADER
fixed length control field 00420nam a22001577a 4500
005 - DATE AND TIME OF LATEST TRANSACTION
control field 20220218161324.0
008 - FIXED-LENGTH DATA ELEMENTS--GENERAL INFORMATION
fixed length control field 220215b ||||| |||| 00| 0 eng d
020 ## - INTERNATIONAL STANDARD BOOK NUMBER
ISBN 9788185731889
041 ## - LANGUAGE CODE
Language code of text/sound track or separate title eng
082 ## - DEWEY DECIMAL CLASSIFICATION NUMBER
Classification number 615.19
100 ## - MAIN ENTRY--AUTHOR NAME
Personal name SUBRAHMANYAM , C.V.S AND THIMMASETTY ,J
245 ## - TITLE STATEMENT
Title LABORATORY MANUAL OF PHYSICAL PHARMACEUTICS
260 ## - PUBLICATION, DISTRIBUTION, ETC. (IMPRINT)
Place of publication DELHI
Name of publisher VALLABH PRAKASHAN
Year of publication 2014
300 ## - PHYSICAL DESCRIPTION
Number of Pages 152;P.
942 ## - ADDED ENTRY ELEMENTS (KOHA)
Koha item type Books
Holdings
Lost status Damaged status Collection code Home library Current library Shelving location Date acquired Source of acquisition Cost, normal purchase price Full call number Accession Number Koha item type
    Reference JRU Library JRU Library SHELF-4-C 15/02/2022 PURCHASE 126.00 615.19 26483 Books
    PHARMACY JRU Library JRU Library Shelf - 27- D 15/02/2022 PURCHASE 126.00 615.19 26484 Books
    PHARMACY JRU Library JRU Library Shelf - 27- D 15/02/2022 PURCHASE 126.00 615.19 26485 Books
    PHARMACY JRU Library JRU Library Shelf - 27- D 15/02/2022 PURCHASE 126.00 615.19 26486 Books
    PHARMACY JRU Library JRU Library Shelf - 27- D 15/02/2022 PURCHASE 126.00 615.19 26487 Books
    PHARMACY JRU Library JRU Library Shelf - 27- D 15/02/2022 PURCHASE 126.00 615.19 26488 Books
    PHARMACY JRU Library JRU Library Shelf - 27- D 15/02/2022 PURCHASE 126.00 615.19 26489 Books
    PHARMACY JRU Library JRU Library Shelf - 27- D 15/02/2022 PURCHASE 126.00 615.19 26490 Books
    PHARMACY JRU Library JRU Library Shelf - 27- D 15/02/2022 PURCHASE 126.00 615.19 26491 Books
    PHARMACY JRU Library JRU Library Shelf - 27- D 15/02/2022 PURCHASE 126.00 615.19 26492 Books
    PHARMACY JRU Library JRU Library Shelf - 27- D 15/02/2022 PURCHASE 126.00 615.19 26493 Books
    PHARMACY JRU Library JRU Library Shelf - 27- D 15/02/2022 PURCHASE 126.00 615.19 26494 Books